Administrative Law. (Record no. 209)

MARC details
005 - DATE AND TIME OF LATEST TRANSACTION
control field 20250625135237.0
020 ## - INTERNATIONAL STANDARD BOOK NUMBER
International Standard Book Number 0-19-876070-1
082 ## - DEWEY DECIMAL CLASSIFICATION NUMBER
Classification number LM 342.42 WAD
100 ## - MAIN ENTRY--PERSONAL NAME
Author name WADE, H. W. R.
245 ## - TITLE STATEMENT
Title Administrative Law.
250 ## - EDITION STATEMENT
Edition statement 4th Ed.
260 ## - PUBLICATION, DISTRIBUTION, ETC.
Place of publication, distribution, etc. London,
Name of publisher, distributor, etc. Clarendom Press,
Date of publication, distribution, etc. 1977.
300 ## - PHYSICAL DESCRIPTION
Extent ii, 855p.
Dimensions 22cm.
Other physical details Index
942 ## - ADDED ENTRY ELEMENTS (KOHA)
Source of classification or shelving scheme Dewey Decimal Classification
Koha item type Books
Holdings
Date last seen Total checkouts Full call number Barcode Cost, replacement price Price effective from Koha item type Lost status Source of classification or shelving scheme Damaged status Not for loan Withdrawn status Home library Current library Shelving location Date acquired Cost, normal purchase price
03/10/2025   LM 342.42 WAD 000000810 60000.00 03/10/2025 Books   Dewey Decimal Classification       College of Business Education Main Library College of Business Education Main Library General Collection 03/10/2025 20000.00